000 00964naa a22002777a 4500
001 BR9404919
003 BR-BrBNA
005 20240918181245.0
007 ta
008 230509b bl.||||| |||| 00| 0 por d
040 _aBR-BrBNA
_bpor
_cBiblioteca Nacional de Agricultura
041 _a(Pt)
072 _aE12; C10
090 _aE12 BR9404919
100 1 _aPero, V.
100 1 _aUrani, A.
245 1 _aDeterminantes do excesso de mao-de-obra do setor formal do mercado de trabalho metropolitano
260 3 _aRio de Janeiro, RJ (Brasil):
_c1994.
500 _aPerspectivas da economia brasileira - 1994 Rio de Janeiro, RJ (Brasil): 1994. v. 2 p. 541-559 (BR9404919-AM)E12
650 _aMercado de Trabalho
650 _aMao-de-Obra
650 _aEducacao
773 0 _tPerspectivas da economia brasileira - 1994
_wE12 BR9404919
_gRio de Janeiro, RJ (Brasil), 1994. v. 2 p. 541-559
909 _a202404
_bLucia
_c55
_dLucia Elande
942 _cAM
_2AGRIS
999 _c324387
_d324387